Excel mierne pokročilý pre verziu 2007 a 2010 príručka kurzu

Podrobná bibliografia
Hlavný autor: Fúska, Marek (Autor)
Médium: Kniha
Jazyk:slovenčina
Fyzický popis:35 s. ilustr., tab. 23 cm
Vydavateľské údaje: Nitra IVIT - Inštitút vzdelávania informačných technológií [2015]
ISBN:9788097208707
Predmet:

MARC

LEADER 00000nam a2200000 a 4500
001 vtls011535677
003 SK-MaSNL
005 20260301180108.0
008 240318s2015 xo a f 000 0 slo
015 |a SNBA2016/04 
020 |a 9788097208707  |q (brož.) 
035 |a urn:nbn:sk:snk-am00a4fm 
035 |a urn:nbn:sk:snk-am3h9jt 
035 |a 74688E57-9FE3-423D-B175-362A64A56BEC 
040 |a SNK  |b slo  |c SNK  |e AACR2 
041 0 |a slo 
044 |a xo  |c SK 
072 7 |a 004.4/.6  |x Programovanie. Softvér  |2 konspekt 
080 |a 004.67  |2 2011 
080 |a (035)  |2 2011 
080 |a 004.42Excel  |2 2001 
100 1 |a Fúska, Marek  |4 aut  |9 341212 
245 1 0 |a Excel mierne pokročilý pre verziu 2007 a 2010  |b príručka kurzu  |c [autor: Marek Fúska] 
246 3 3 |a Príručka kurzu  |b Excel mierne pokročilý pre verziu 2007 a 2010 
260 |a Nitra  |b IVIT - Inštitút vzdelávania informačných technológií  |c [2015] 
300 |a 35 s.  |b ilustr., tab.  |c 23 cm 
500 |a Názov z obalu 
504 |a Angl.-slov. slovník 
650 0 7 |a tabuľkové procesory  |2 SNKPH  |9 2028 
650 0 7 |a Microsoft Excel 2010  |2 SNKPH  |9 546351 
650 0 7 |a Microsoft Excel 2007  |2 SNKPH  |9 99751 
650 0 7 |a Spreadsheet processors  |2 SNKPHeng  |9 338318 
655 7 |a príručky  |2 SNKPH  |9 74364 
655 7 |a Handbooks, manuals, etc.  |2 SNKPHeng  |9 90964 
919 |a 978-80-972087-0-7 
999 |c 845049  |d 846979 
952 |a SNK  |b SNK  |y PREZ  |7 0  |p 17A1183452  |o snkSC 168845  |i snk2016/7673  |8 0  |z 526/2016  |0 0  |1 0  |4 0  |d 2016-03-18  |f 1  |l 0  |r 2026-02-24 04:24:00  |w 2026-02-24